Statistics for Top 10 Largest EU Capitals by Population

Click here to take the quiz!

General Stats

  • This quiz has been taken 405 times
    (115 since last reset)
  • The average score is 7 of 10

Answer Stats

Population Country Capital % Correct
3,748,148GermanyBerlin
97%
2,856,133ItalyRome
96%
2,140,526FranceParis
94%
3,223,334SpainMadrid
93%
1,888,776AustriaVienna
69%
2,106,144RomaniaBucharest
65%
1,783,321PolandWarsaw
60%
1,318,688Czech RepublicPrague
60%
1,752,286HungaryBudapest
58%
1,478,330BulgariaSofia
42%

Score Distribution

Percentile by Number Answered

Percent of People with Each Score

Your Score History

You have not taken this quiz since the last reset